000
00312nam a2200133Ia 4500
008
210312s9999||||xx |||||||||||||| ||und||
041
_a
osm
050
_a
PL31
050
_b
N43
100
_a
Necip Asım
245
0
_a
Orhun abideleri
260
_c
1340
650
_a
Yazıtlar--Türk Yazıtlar--Orhun Yazıtları
999
_c
22111
_d
22111